| 000 | 00784nam a22002417a 4500 | ||
|---|---|---|---|
| 003 | DO-SdBNP | ||
| 005 | 20170801142254.0 | ||
| 008 | 170731b 2009 sp 0 spa d | ||
| 020 | _a9788423678891 | ||
| 040 |
_aBPMSU _bspa _cBPMSU |
||
| 100 | _aNavarro Durán, Rosa | ||
| 245 |
_aEl lazarillo contado por los niños / _cRosa Navarro Durán ; ilustraciones de Frances Rovira |
||
| 250 | _a6a. ed. | ||
| 260 |
_a[Madrid]: _bedebé, _c2009 |
||
| 300 |
_a169 p. : _bil. ; _c24 cm. |
||
| 490 | _aClásicos contados a los ñiños | ||
| 500 | _aDatos tomados de la cubierta | ||
| 600 | _aClásicos contados a los ñiños | ||
| 700 |
_aFrances Rovira _eilustración |
||
| 830 | _aClásicos contados a los ñiños | ||
| 942 |
_2ddc _cBK |
||
| 956 |
_aVMATEO _b10 _c20170731 _dBPMSU _f0069 |
||
| 999 |
_c12600 _d12600 |
||